000 00324nam a22001457a 4500
020 _a10-81-223-0361-3
082 _a001
_bGAR/M
100 _aGARG, RAJIV
245 _aMATHEMATICS QUIZ BOOK
260 _aNEW DELHI
_bPUSTAK MAHAL
_c2011
300 _a216
520 _aMATHEMATICS QUIZ
650 _aMATHS QUIZ
942 _cBK
999 _c6704
_d6704